Leading your church to growth / (Record no. 3245)

MARC details
000 -LEADER
fixed length control field 00851cam a2200253 a 4500
001 - CONTROL NUMBER
control field 4715167
003 - CONTROL NUMBER IDENTIFIER
control field GBCCL
005 - DATE AND TIME OF LATEST TRANSACTION
control field 20241126110450.0
008 - FIXED-LENGTH DATA ELEMENTS--GENERAL INFORMATION
fixed length control field 830920s1984 caua b 001 0 eng
010 ## -
-- 83019272
020 ## - INTERNATIONAL STANDARD BOOK NUMBER
International Standard Book Number 0830709223 (pbk.) :
Terms of availability $5.95
040 ## - CATALOGING SOURCE
Original cataloging agency DLC
Transcribing agency DLC
Modifying agency DLC
050 00 -
-- BV652.25
-- .W325 1984
082 00 - DEWEY DECIMAL CLASSIFICATION NUMBER
Classification number 254.5
Edition information 19
Item number WAG
100 1# - MAIN ENTRY--PERSONAL NAME
Personal name Wagner, C. Peter.
9 (RLIN) 2967
245 10 - TITLE STATEMENT
Title Leading your church to growth /
Statement of responsibility, etc. C. Peter Wagner.
260 ## - PUBLICATION, DISTRIBUTION, ETC.
Place of publication, distribution, etc. Ventura, CA, U.S.A. :
Name of publisher, distributor, etc. Regal Books,
Date of publication, distribution, etc. c1984.
300 ## - PHYSICAL DESCRIPTION
Extent 224 p. :
Other physical details ill. ;
Dimensions 21 cm.
500 ## - GENERAL NOTE
General note "The secret of pastor/people partnership in dynamic church growth"--Cover.
504 ## - BIBLIOGRAPHY, ETC. NOTE
Bibliography, etc. note Includes bibliographical references and index.
650 #0 - SUBJECT ADDED ENTRY--TOPICAL TERM
Topical term or geographic name entry element Church growth
General subdivision Handbooks, manuals, etc.
9 (RLIN) 6685
906 ## - LOCAL DATA ELEMENT F, LDF (RLIN)
a 7
b cbc
c orignew
d 1
e ocip
f 19
g y-gencatlg
942 ## - ADDED ENTRY ELEMENTS (KOHA)
Source of classification or shelving scheme Dewey Decimal Classification
Koha item type Books
Koha issues (borrowed), all copies 13
Holdings
Withdrawn status Lost status Source of classification or shelving scheme Damaged status Not for loan Home library Current Library Shelving location Date acquired Total checkouts Total renewals Full call number Barcode Date last seen Date last checked out Copy number Price effective from Koha item type
    Dewey Decimal Classification     GRACE BIBLE COLLEGE GRACE BIBLE COLLEGE Ministry & Mission 2017-11-22 13 3 254.5 WAG 006536 2025-05-01 2024-03-02 c.1 2017-11-22 Books
© Grace Bible College Library 2025